[Event "Titled Tuesday intern op 24th Aug"]
[Site "Chess.com INT"]
[Date "2021.08.24"]
[Round "11"]
[White "Bongo Akanga Ndjila, Barthelemy"]
[Black "Shreyans, K Shah"]
[Result "1-0"]
[WhiteElo "1803"]
[BlackElo "2237"]
[PlyCount "135"]
[EventDate "2021.08.24"]
[EventType "swiss (blitz)"]
[EventRounds "11"]
[EventCountry "USA"]
[SourceTitle "EXT 2022"]
[Source "ChessBase"]
[SourceDate "2021.10.06"]
[SourceVersion "1"]
[SourceVersionDate "2021.10.06"]
[SourceQuality "1"]

1. d4 Nf6 2. c4 g6 3. Nc3 Bg7 4. Nf3 d6 5. Bg5 0-0 6. e3 Nbd7 7. Be2 h6 8. Bh4 g5 9. Bg3 Re8 10. Qc2 e5 11. dxe5 Nxe5 12. Nxe5 dxe5 13. Rd1 Qe7 14. 0-0 c6 15. Rd2 Bg4 16. Bxg4 Nxg4 17. Rfd1 Rad8 18. Ne4 Rxd2 19. Qxd2 Nf6 20. Nd6 Rd8 21. c5 Nd5 22. e4 Nf4 23. Bxf4 exf4 24. f3 Kf8 25. b4 a6 26. Qd3 Be5 27. Rd2 f6 28. a3 Kg7 29. Nf5+ Kf8 30. Nxe7 Rxd3 31. Rxd3 Kxe7 32. Kf2 Bb2 33. g3 fxg3+ 34. hxg3 h5 35. f4 gxf4 36. gxf4 Bc1 37. Rf3 Ke6 38. Ke2 h4 39. Kd1 Bb2 40. Kc2 Bd4 41. Kd3 Bb2 42. a4 f5 43. e5 Bc1 44. Kc2 Bxf4 45. Rxf4 h3 46. Rh4 Kxe5 47. Rxh3 Kd4 48. Kb3 f4 49. Rh7 f3 50. Rxb7 Ke3 51. Re7+ Kf2 52. Rf7 Kg2 53. Kc4 f2 54. b5 f1Q+ 55. Rxf1 Kxf1 56. bxc6 Ke2 57. c7 Kd2 58. c8Q Kc2 59. Qxa6 Kd2 60. c6 Kc2 61. c7 Kd2 62. c8Q Kc2 63. Qab7 Kd2 64. Kb5 Kd3 65. Ka6 Kd4 66. Qbd7+ Ke3 67. Qce8+ Kf2 68. Qdf7+ 1-0

[Event "Titled Tuesday intern op 24th Aug"]
[Site "Chess.com INT"]
[Date "2021.08.24"]
[Round "1"]
[White "Shreyans, K Shah"]
[Black "Baches Garcia, Guillermo"]
[Result "1/2-1/2"]
[WhiteElo "2237"]
[BlackElo "2329"]
[PlyCount "108"]
[EventDate "2021.08.24"]
[EventType "swiss (blitz)"]
[EventRounds "11"]
[EventCountry "USA"]
[SourceTitle "EXT 2022"]
[Source "ChessBase"]
[SourceDate "2021.10.06"]
[SourceVersion "1"]
[SourceVersionDate "2021.10.06"]
[SourceQuality "1"]

1. d4 Nf6 2. Nf3 e6 3. Bf4 c5 4. e3 Nc6 5. c3 Nh5 6. Bg3 Qb6 7. Qb3 Nxg3 8. hxg3 d5 9. Nbd2 c4 10. Qc2 h6 11. e4 Be7 12. e5 Qd8 13. Be2 b5 14. b3 Rb8 15. b4 a5 16. a3 Ra8 17. 0-0 0-0 18. Nh2 f5 19. f4 Bd7 20. g4 Be8 21. gxf5 exf5 22. Bf3 Qd7 23. Rfe1 Bf7 24. Ndf1 Be6 25. g3 Kh7 26. Kf2 Rg8 27. g4 g6 28. gxf5 Bxf5 29. Qd2 Qe6 30. Ng3 Ra6 31. Nxf5 gxf5 32. Rg1 Bh4+ 33. Ke3 axb4 34. axb4 Rxa1 35. Rxa1 Ne7 36. Ra2 Qg6 37. Qg2 Qf7 38. Qh3 Bg3 39. Rg2 Bxh2 40. Qxh2 Qe6 41. Rxg8 Kxg8 42. Qh5 Kg7 43. Qh4 Ng6 44. Qg3 Kf7 45. Bh5 Kg7 46. Bxg6 Qxg6 47. Qxg6+ Kxg6 48. Kf3 Kf7 49. Kg3 Kg6 50. Kh4 h5 51. Kg3 Kh6 52. Kh4 Kg6 53. Kg3 Kh6 54. Kh4 Kg6 1/2-1/2

[Event "Titled Tuesday intern op 24th Aug"]
[Site "Chess.com INT"]
[Date "2021.08.24"]
[Round "2"]
[White "Shreyans, K Shah"]
[Black "Grunberg, Mihai Lucian"]
[Result "0-1"]
[WhiteElo "2237"]
[BlackElo "2401"]
[PlyCount "68"]
[EventDate "2021.08.24"]
[EventType "swiss (blitz)"]
[EventRounds "11"]
[EventCountry "USA"]
[SourceTitle "EXT 2022"]
[Source "ChessBase"]
[SourceDate "2021.10.06"]
[SourceVersion "1"]
[SourceVersionDate "2021.10.06"]
[SourceQuality "1"]

1. d4 c5 2. Nf3 cxd4 3. Nxd4 Nf6 4. c4 e6 5. Nc3 Bb4 6. Bd2 0-0 7. e3 Nc6 8. Bd3 Ne5 9. Be2 d5 10. cxd5 Bxc3 11. Bxc3 Nxd5 12. Bd2 Qb6 13. Qb3 Qxb3 14. Nxb3 Bd7 15. 0-0-0 Rfc8+ 16. Kb1 Nb6 17. Bc3 Nec4 18. Bxc4 Rxc4 19. Ba5 Bc6 20. f3 h5 21. Nd4 Bd5 22. e4 Bc6 23. Nxc6 Rxc6 24. Bxb6 Rxb6 25. Rd7 Rc8 26. Rc1 Rxc1+ 27. Kxc1 g5 28. Kd2 Kg7 29. Rc7 Rxb2+ 30. Rc2 Rxc2+ 31. Kxc2 Kf6 32. Kd3 Ke5 33. Ke3 b5 34. a3 a5 0-1

[Event "Titled Tuesday intern op 24th Aug"]
[Site "Chess.com INT"]
[Date "2021.08.24"]
[Round "4"]
[White "Wiwatanadate, Poompong"]
[Black "Shreyans, K Shah"]
[Result "1-0"]
[WhiteElo "2005"]
[BlackElo "2237"]
[PlyCount "38"]
[EventDate "2021.08.24"]
[EventType "swiss (blitz)"]
[EventRounds "11"]
[EventCountry "USA"]
[SourceTitle "EXT 2022"]
[Source "ChessBase"]
[SourceDate "2021.10.06"]
[SourceVersion "1"]
[SourceVersionDate "2021.10.06"]
[SourceQuality "1"]

1. d4 Nf6 2. c4 g6 3. Nc3 Bg7 4. e4 d6 5. Nge2 e5 6. f3 0-0 7. Be3 Nbd7 8. Qd2 a5 9. h4 exd4 10. Nxd4 Ne5 11. Be2 h5 12. 0-0-0 Be6 13. Nxe6 fxe6 14. Bg5 a4 15. g4 hxg4 16. f4 Nf3 17. Bxf3 gxf3 18. h5 gxh5 19. e5 d5 1-0

[Event "Titled Tuesday intern op 27th July"]
[Site "Chess.com INT"]
[Date "2021.07.27"]
[Round "8"]
[White "Shreyans, K Shah"]
[Black "Joubert, Dantelle"]
[Result "0-1"]
[WhiteElo "2237"]
[BlackElo "1566"]
[PlyCount "104"]
[EventDate "2021.07.27"]
[EventType "swiss (blitz)"]
[EventRounds "11"]
[EventCountry "USA"]
[SourceTitle "CBM 203 Extra"]
[Source "ChessBase"]
[SourceDate "2021.09.30"]
[SourceVersion "1"]
[SourceVersionDate "2021.09.30"]
[SourceQuality "1"]

1. d4 d5 2. Nf3 e6 3. Bf4 Nf6 4. e3 c5 5. Bd3 Qb6 6. Qc1 c4 7. Be2 Nc6 8. c3 Ne4 9. Nbd2 f5 10. Ne5 Be7 11. f3 Nxd2 12. Qxd2 0-0 13. 0-0 Nxe5 14. Bxe5 Bd6 15. f4 Bxe5 16. fxe5 Bd7 17. Rf4 Be8 18. Raf1 Bg6 19. Qc1 Qc6 20. Qd1 b5 21. a3 a5 22. Bh5 Bxh5 23. Qxh5 g6 24. Qd1 b4 25. g4 bxc3 26. bxc3 Rab8 27. gxf5 gxf5 28. R1f2 Kh8 29. Qh5 Qd7 30. Rh4 Rg8+ 31. Kf1 Rb1+ 32. Ke2 Qb7 33. Qh6 Rb2+ 34. Kf3 Rxf2+ 35. Kxf2 Qf7 36. Kf3 Qg7 37. Qxg7+ Rxg7 38. Rh6 Rg6 39. Rxg6 hxg6 40. a4 g5 41. h3 Kg7 42. Kg3 Kg6 43. h4 g4 44. Kf4 Kh6 45. Kg3 Kh5 46. Kh2 Kxh4 47. Kg2 g3 48. Kg1 Kh3 49. e4 fxe4 50. Kh1 e3 51. Kg1 e2 52. Kh1 e1Q# 0-1

[Event "Leon Blitz op 34th"]
[Site "Chess.com INT"]
[Date "2021.07.07"]
[Round "6"]
[White "Shreyans, K Shah"]
[Black "Bures, Vit"]
[Result "0-1"]
[WhiteElo "2237"]
[BlackElo "2144"]
[PlyCount "44"]
[EventDate "2021.07.07"]
[EventType "swiss (blitz)"]
[EventRounds "14"]
[EventCountry "ESP"]
[SourceTitle "CBM 203 Extra"]
[Source "ChessBase"]
[SourceDate "2021.09.30"]
[SourceVersion "1"]
[SourceVersionDate "2021.09.30"]
[SourceQuality "1"]

1. d4 d5 2. Nf3 Nf6 3. Bf4 c5 4. e3 Nc6 5. c3 Qb6 6. Qb3 c4 7. Qc2 Bf5 8. Qc1 Nh5 9. Bg3 Nxg3 10. hxg3 g6 11. Nbd2 Bg7 12. Be2 e5 13. Nh4 Be6 14. Rb1 0-0 15. Qd1 h6 16. Bg4 f5 17. Nxg6 fxg4 18. Nxf8 Rxf8 19. Ke2 Bf5 20. e4 Bxe4 21. Nxe4 dxe4 22. d5 Qxf2# 0-1

[Event "Leon Blitz op 34th"]
[Site "Chess.com INT"]
[Date "2021.07.07"]
[Round "10"]
[White "Szente Varga, Fruzsina"]
[Black "Shreyans, K Shah"]
[Result "1-0"]
[WhiteElo "2100"]
[BlackElo "2237"]
[PlyCount "53"]
[EventDate "2021.07.07"]
[EventType "swiss (blitz)"]
[EventRounds "14"]
[EventCountry "ESP"]
[SourceTitle "CBM 203 Extra"]
[Source "ChessBase"]
[SourceDate "2021.09.30"]
[SourceVersion "1"]
[SourceVersionDate "2021.09.30"]
[SourceQuality "1"]

1. d4 Nf6 2. c4 g6 3. Nc3 Bg7 4. e4 d6 5. Be3 Nbd7 6. Qd2 0-0 7. 0-0-0 e5 8. d5 a5 9. h4 h5 10. f3 b6 11. g4 Nc5 12. gxh5 Nxh5 13. Bh6 Ba6 14. Bxg7 Kxg7 15. b3 Nf4 16. Kb1 Bc8 17. Nge2 Bd7 18. Nxf4 exf4 19. Qxf4 Qf6 20. Qe3 Rae8 21. h5 Rh8 22. Be2 Bf5 23. hxg6 Bxg6 24. Rhg1 Rh5 25. f4 Nxe4 26. Nxe4 Rxe4 27. Qxe4 1-0

[Event "Titled Tuesday intern op 06th July"]
[Site "Chess.com INT"]
[Date "2021.07.06"]
[Round "8"]
[White "Shreyans, K Shah"]
[Black "Almeida Junior, Alvaro Alves de"]
[Result "0-1"]
[WhiteElo "2237"]
[BlackElo "2132"]
[PlyCount "98"]
[EventDate "2021.07.06"]
[EventType "swiss (blitz)"]
[EventRounds "11"]
[EventCountry "USA"]
[SourceTitle "EXT 2022"]
[Source "ChessBase"]
[SourceDate "2021.10.06"]
[SourceVersion "1"]
[SourceVersionDate "2021.10.06"]
[SourceQuality "1"]

1. d4 Nf6 2. Nf3 d5 3. Bf4 c5 4. e3 Nc6 5. Bd3 Bg4 6. c3 e6 7. Nbd2 Bd6 8. Bg3 0-0 9. Qc2 c4 10. Be2 b5 11. 0-0 a5 12. e4 Bxg3 13. fxg3 b4 14. e5 Nd7 15. h3 Bf5 16. Qd1 Qb6 17. g4 Bg6 18. Nh4 Ncxe5 19. Nxg6 Nxg6 20. Nf3 bxc3 21. bxc3 Rab8 22. Rb1 Qxb1 23. Qxb1 Rxb1 24. Rxb1 Rb8 25. Rxb8+ Nxb8 26. Bd1 f6 27. Kf2 Kf8 28. Ke3 Ke7 29. g5 Kd6 30. gxf6 gxf6 31. g4 e5 32. Bc2 e4 33. Nd2 Nc6 34. a4 Nce7 35. Nf1 f5 36. gxf5 Nxf5+ 37. Ke2 Nf4+ 38. Kf2 Nxh3+ 39. Kg2 Nf4+ 40. Kf2 h5 41. Nh2 Ke6 42. Bd1 Kf6 43. Bc2 Kg5 44. Bd1 Nd3+ 45. Ke2 Kf4 46. Nf1 Ng3+ 47. Nxg3 Kxg3 48. Kd2 h4 49. Be2 h3 0-1

[Event "Titled Tuesday intern op 06th July"]
[Site "Chess.com INT"]
[Date "2021.07.06"]
[Round "7"]
[White "Shreyans, K Shah"]
[Black "Schut, Han"]
[Result "0-1"]
[WhiteElo "2237"]
[BlackElo "2101"]
[PlyCount "124"]
[EventDate "2021.07.06"]
[EventType "swiss (blitz)"]
[EventRounds "11"]
[EventCountry "USA"]
[SourceTitle "EXT 2022"]
[Source "ChessBase"]
[SourceDate "2021.10.06"]
[SourceVersion "1"]
[SourceVersionDate "2021.10.06"]
[SourceQuality "1"]

1. d4 Nf6 2. Nf3 g6 3. Bf4 Bg7 4. e3 0-0 5. Bd3 d6 6. c3 Nc6 7. 0-0 Re8 8. e4 e5 9. dxe5 dxe5 10. Bg3 Nh5 11. Na3 Nxg3 12. fxg3 h6 13. Bc2 Be6 14. Bb3 Qe7 15. Qc2 Rad8 16. Rad1 Bf8 17. Rd2 Qc5+ 18. Kh1 Rxd2 19. Qxd2 Rd8 20. Qc2 Bxb3 21. axb3 b5 22. Rd1 Rxd1+ 23. Qxd1 a6 24. Qd3 Qf2 25. h3 Qxb2 26. Nc2 Qxb3 27. Nce1 a5 28. Qd7 Qe6 29. Qxe6 fxe6 30. Nd3 a4 31. Nc1 Na5 32. Nxe5 Nb3 33. Nxb3 axb3 34. Nd3 Ba3 35. Kg1 b2 36. Nxb2 Bxb2 37. Kf2 Bxc3 38. Ke3 Be5 39. g4 b4 40. Kd3 c5 41. h4 Kf7 42. g5 hxg5 43. h5 Ke7 44. g4 gxh5 45. gxh5 Kf6 46. h6 Kg6 47. h7 Kxh7 48. Kc4 g4 49. Kxc5 b3 50. Kb4 b2 51. Kc4 b1Q 52. Kc5 Qc2+ 53. Kb4 Bg7 54. Kb5 e5 55. Kb4 Kg6 56. Kb5 Kf7 57. Kb4 Ke6 58. Kb5 g3 59. Kb4 g2 60. Kb5 g1Q 61. Kb4 Qgb1+ 62. Ka3 Qca2# 0-1

[Event "Titled Tuesday intern op 01st June"]
[Site "Chess.com INT"]
[Date "2021.06.01"]
[Round "3"]
[White "Mirzoev, Azer"]
[Black "Shreyans, K Shah"]
[Result "1-0"]
[WhiteElo "2430"]
[BlackElo "2237"]
[PlyCount "29"]
[EventDate "2021.06.01"]
[EventType "swiss (blitz)"]
[EventRounds "11"]
[EventCountry "USA"]
[SourceTitle "CBM 202 Extra"]
[Source "ChessBase"]
[SourceDate "2021.07.31"]
[SourceVersion "1"]
[SourceVersionDate "2021.07.31"]
[SourceQuality "1"]

1. c4 Nf6 2. Nc3 e6 3. e4 d5 4. e5 Nfd7 5. d4 c6 6. Qg4 dxc4 7. Bxc4 Nb6 8. Bb3 Nd5 9. Nge2 h5 10. Qf3 g6 11. 0-0 Bg7 12. Ne4 0-0 13. Bg5 Qe8 14. N2g3 Nd7 15. Nd6 1-0

[Event "Titled Tuesday intern op 01st June"]
[Site "Chess.com INT"]
[Date "2021.06.01"]
[Round "7"]
[White "Shreyans, K Shah"]
[Black "Li, Hui"]
[Result "0-1"]
[WhiteElo "2237"]
[BlackElo "1990"]
[PlyCount "166"]
[EventDate "2021.06.01"]
[EventType "swiss (blitz)"]
[EventRounds "11"]
[EventCountry "USA"]
[SourceTitle "CBM 202 Extra"]
[Source "ChessBase"]
[SourceDate "2021.07.31"]
[SourceVersion "1"]
[SourceVersionDate "2021.07.31"]
[SourceQuality "1"]

1. e4 e5 2. Nf3 Nf6 3. Nxe5 d6 4. Nf3 Nxe4 5. d4 d5 6. Bd3 Be7 7. 0-0 Nc6 8. c3 0-0 9. Re1 Bg4 10. Bxe4 dxe4 11. Rxe4 Bf5 12. Re1 Bd6 13. Be3 Re8 14. Nbd2 Ne7 15. Qb3 b6 16. Nf1 Be6 17. Qc2 Bf5 18. Qd2 Nd5 19. Ng3 Bg6 20. Bg5 f6 21. Be3 Nxe3 22. Rxe3 Qd7 23. Rae1 a5 24. Ne4 Bf8 25. Qd1 Bf7 26. Nfd2 Rad8 27. Ng3 Bd6 28. a3 Rxe3 29. Rxe3 Re8 30. Qe2 Rxe3 31. Qxe3 Qe7 32. Nf5 Qxe3 33. fxe3 Bf8 34. Kf2 g6 35. Ng3 Be6 36. Nde4 Kf7 37. Kf3 Bd5 38. Kf2 h6 39. h3 f5 40. Nd2 Bd6 41. Nf3 Bb7 42. Ne2 Ke6 43. Nf4+ Kf7 44. e4 Bxe4 45. Ne2 Bb7 46. Ke3 Be7 47. Nd2 Bg5+ 48. Kd3 Bxg2 49. Nc4 Bb7 50. Ne5+ Kg7 51. Ng1 Bf6 52. Ngf3 c5 53. a4 cxd4 54. cxd4 Bxf3 55. Nxf3 g5 56. b3 g4 57. hxg4 fxg4 58. Ng1 h5 59. Ke4 Kg6 60. d5 Be7 61. Ke5 h4 62. d6 Bd8 63. Ke6 h3 64. Ne2 Kg5 65. Ng3 Kf4 66. Nh1 Kf3 67. Kd7 Bh4 68. Kc7 Kg2 69. d7 Kxh1 70. d8Q Bxd8+ 71. Kxd8 g3 72. Kc7 g2 73. Kxb6 g1Q+ 74. Kxa5 Qe1+ 75. b4 Qc3 76. Kb5 h2 77. a5 Kg2 78. a6 h1Q 79. a7 Qh5+ 80. Ka4 Qa1+ 81. Kb3 Qd5+ 82. Kc2 Qaa2+ 83. Kc3 Qdc4# 0-1

[Event "Titled Tuesday intern op 01st June"]
[Site "Chess.com INT"]
[Date "2021.06.01"]
[Round "2"]
[White "Shreyans, K Shah"]
[Black "Rakshitta, Ravi"]
[Result "1-0"]
[WhiteElo "2237"]
[BlackElo "2190"]
[PlyCount "63"]
[EventDate "2021.06.01"]
[EventType "swiss (blitz)"]
[EventRounds "11"]
[EventCountry "USA"]
[SourceTitle "CBM 202 Extra"]
[Source "ChessBase"]
[SourceDate "2021.07.31"]
[SourceVersion "1"]
[SourceVersionDate "2021.07.31"]
[SourceQuality "1"]

1. d4 Nf6 2. Nf3 e6 3. Bf4 d5 4. e3 Be7 5. Bd3 0-0 6. Nbd2 c5 7. c3 Nc6 8. 0-0 cxd4 9. exd4 Bd6 10. Bg3 Bxg3 11. fxg3 b6 12. Qc2 h6 13. Rae1 Bb7 14. Ne5 Rc8 15. Qb1 Nxe5 16. Rxe5 Nd7 17. Re3 Qg5 18. Qe1 Nb8 19. Ref3 Nc6 20. h4 Qg4 21. Rf4 Qh5 22. g4 e5 23. gxh5 exf4 24. Rxf4 Rce8 25. Qf1 Re3 26. Bg6 f6 27. Nf3 Na5 28. Ne5 Rd8 29. Nf7 Rde8 30. Nxh6+ gxh6 31. Bxe8 Rxe8 32. Rxf6 1-0

[Event "Titled Tuesday intern op 01st June"]
[Site "Chess.com INT"]
[Date "2021.06.01"]
[Round "11"]
[White "Shreyans, K Shah"]
[Black "Zemerov, Vladimir"]
[Result "0-1"]
[WhiteElo "2237"]
[BlackElo "2268"]
[PlyCount "104"]
[EventDate "2021.06.01"]
[EventType "swiss (blitz)"]
[EventRounds "11"]
[EventCountry "USA"]
[SourceTitle "CBM 202 Extra"]
[Source "ChessBase"]
[SourceDate "2021.07.31"]
[SourceVersion "1"]
[SourceVersionDate "2021.07.31"]
[SourceQuality "1"]

1. d4 d6 2. c4 g6 3. Nf3 Bg7 4. Nc3 Nc6 5. e3 Bg4 6. Be2 Bxf3 7. Bxf3 e5 8. dxe5 dxe5 9. 0-0 Qxd1 10. Rxd1 a6 11. b3 Nge7 12. Bb2 0-0 13. Nd5 Nxd5 14. cxd5 Ne7 15. Rac1 Rac8 16. d6 cxd6 17. Bxb7 Rxc1 18. Rxc1 d5 19. g4 Rd8 20. Rc7 d4 21. exd4 Nd5 22. Bxd5 exd4 23. Bf3 d3 24. Bxg7 Kxg7 25. Rc1 d2 26. Rd1 Kf6 27. Kf1 Ke5 28. Be2 Kf4 29. f3 Ke3 30. h3 a5 31. a4 Rc8 32. Bc4 f5 33. g5 f4 34. h4 Rc5 35. Kg1 h6 36. gxh6 Rh5 37. h7 Rxh7 38. Bf7 Rxh4 39. Bxg6 Rh6 40. Be4 Rd6 41. Kf1 Rd4 42. Bc6 Rb4 43. Bd5 Rd4 44. Bc4 Rd6 45. Be2 Rh6 46. b4 Rh2 47. b5 Rf2+ 48. Kg1 Rxe2 49. b6 Re1+ 50. Kg2 Rxd1 51. b7 Rb1 52. b8N Rxb8 0-1

[Event "Titled Tuesday intern op 27th Apr"]
[Site "Chess.com INT"]
[Date "2021.04.27"]
[Round "6"]
[White "Mogirzan, Matei Valeriu"]
[Black "Shreyans, K Shah"]
[Result "1-0"]
[WhiteElo "1813"]
[BlackElo "2237"]
[PlyCount "67"]
[EventDate "2021.04.27"]
[EventType "swiss (blitz)"]
[EventRounds "11"]
[EventCountry "USA"]
[SourceTitle "CBM 202 Extra"]
[Source "ChessBase"]
[SourceDate "2021.07.31"]
[SourceVersion "1"]
[SourceVersionDate "2021.07.31"]
[SourceQuality "1"]

1. e4 c5 2. Nf3 d6 3. d4 cxd4 4. Nxd4 Nf6 5. f3 a6 6. c4 Nc6 7. Nc3 e5 8. Nc2 Be7 9. Be2 Be6 10. 0-0 0-0 11. Ne3 Nd4 12. Nc2 Nxe2+ 13. Qxe2 Rc8 14. Ne3 Qa5 15. Ncd5 Rfe8 16. Bd2 Qd8 17. b3 Nxd5 18. cxd5 Bd7 19. a4 f5 20. Nxf5 Bxf5 21. exf5 Qb6+ 22. Qe3 Qc7 23. Rac1 Qd8 24. Qd3 h6 25. Rxc8 Qxc8 26. Rc1 Qd8 27. a5 Bg5 28. Bxg5 Qxg5 29. Rc7 Rf8 30. Rxb7 Rxf5 31. Rb8+ Kh7 32. g4 Qc1+ 33. Kg2 Qc2+ 34. Qxc2 1-0

[Event "Titled Tuesday intern op 27th Apr"]
[Site "Chess.com INT"]
[Date "2021.04.27"]
[Round "10"]
[White "Shreyans, K Shah"]
[Black "Cella, Glaucio Dalla Cortt"]
[Result "0-1"]
[WhiteElo "2237"]
[BlackElo "1961"]
[PlyCount "66"]
[EventDate "2021.04.27"]
[EventType "swiss (blitz)"]
[EventRounds "11"]
[EventCountry "USA"]
[SourceTitle "CBM 202 Extra"]
[Source "ChessBase"]
[SourceDate "2021.07.31"]
[SourceVersion "1"]
[SourceVersionDate "2021.07.31"]
[SourceQuality "1"]

1. e4 c5 2. Nf3 e6 3. d4 cxd4 4. Nxd4 Nf6 5. Nc3 Bb4 6. Bd3 0-0 7. 0-0 d5 8. exd5 Bxc3 9. bxc3 Nxd5 10. c4 Nf6 11. Ba3 Re8 12. Nf3 Nc6 13. Qe2 e5 14. Rfe1 Bg4 15. h3 Nd4 16. Qd1 Nxf3+ 17. gxf3 Bxh3 18. Kh2 Qc8 19. f4 e4 20. Bf1 Ng4+ 21. Kg1 Bxf1 22. Kxf1 Qf5 23. Bd6 Rad8 24. c5 Nh2+ 25. Kg2 Nf3 26. Re3 Qg4+ 27. Kf1 Re6 28. Qd5 Qg1+ 29. Ke2 Qxa1 30. Rxe4 Qe1+ 31. Kd3 Qxe4+ 32. Qxe4 Rxe4 33. Kxe4 Nd2+ 0-1

[Event "New Delhi Parsvnath op 11th"]
[Site "New Delhi"]
[Date "2013.01.05"]
[Round "1"]
[White "Shreyans, K Shah"]
[Black "Czebe, Attila"]
[Result "0-1"]
[WhiteElo "2265"]
[BlackElo "2494"]
[PlyCount "59"]
[EventDate "2013.01.05"]
[EventType "swiss"]
[EventRounds "11"]
[EventCountry "IND"]
[SourceTitle "EXT 2014"]
[Source "ChessBase"]
[SourceDate "2013.11.20"]
[SourceVersion "1"]
[SourceVersionDate "2013.11.20"]
[SourceQuality "1"]

1. e4 d6 2. d4 Nf6 3. Nc3 e5 4. dxe5 dxe5 5. Qxd8+ Kxd8 6. Bg5 Be6 7. 0-0-0+ Nbd7 8. Nd5 Kc8 9. Nxf6 gxf6 10. Be3 Bc5 11. Bxc5 Nxc5 12. f3 c6 13. Ne2 Kc7 14. Nc3 a5 15. a4 Rad8 16. Be2 Rd4 17. b3 Rhd8 18. Kb2 f5 19. exf5 Bxf5 20. Kc1 Bg6 21. Bc4 Rxd1+ 22. Rxd1 Rxd1+ 23. Nxd1 f5 24. Kd2 Kd6 25. Ne3 f4 26. Nd1 e4 27. Nc3 exf3 28. gxf3 Ke5 29. Nd1 Bh5 30. Ke2 0-1

[Event "Kolkata op 5th"]
[Site "Kolkata"]
[Date "2012.12.13"]
[Round "11"]
[White "Gagare, Shardul"]
[Black "Shreyans, K Shah"]
[Result "1-0"]
[WhiteElo "2381"]
[BlackElo "2231"]
[PlyCount "113"]
[EventDate "2012.12.03"]
[EventType "swiss"]
[EventRounds "11"]
[EventCountry "IND"]
[SourceTitle "EXT 2014"]
[Source "ChessBase"]
[SourceDate "2013.11.20"]
[SourceVersion "1"]
[SourceVersionDate "2013.11.20"]
[SourceQuality "1"]

1. c4 f5 2. g3 Nf6 3. Bg2 e6 4. Nf3 d5 5. 0-0 c6 6. d3 dxc4 7. dxc4 Bc5 8. Nc3 Qxd1 9. Rxd1 Ng4 10. e3 Nd7 11. b3 e5 12. h3 Ngf6 13. Bb2 Ke7 14. e4 fxe4 15. Nh4 g5 16. Nf5+ Ke6 17. Ne3 Bd4 18. Nc2 c5 19. Nxd4+ exd4 20. Nxe4 Nxe4 21. Bxe4 Nf6 22. Bf3 Rb8 23. b4 b6 24. bxc5 bxc5 25. Ba3 Bb7 26. Bxb7 Rxb7 27. Bxc5 Rc8 28. Bxd4 Rxc4 29. Bxf6 Kxf6 30. Rd6+ Ke7 31. Rd2 Ra4 32. Rc1 Ra5 33. Rc3 Kf7 34. Kg2 Kg7 35. a3 Rf7 36. Rdd3 Raf5 37. Rf3 Rxf3 38. Rxf3 Rc7 39. Rf5 Kg6 40. Ra5 Rf7 41. g4 Rb7 42. Kg3 Rb3+ 43. f3 Rb7 44. h4 h6 45. a4 Rc7 46. Ra6+ Kg7 47. h5 Re7 48. a5 Rf7 49. Re6 Rb7 50. a6 Rc7 51. Kf2 Rc2+ 52. Ke3 Rc3+ 53. Ke4 Rc4+ 54. Ke5 Rf4 55. Re7+ Kg8 56. Rxa7 Rxf3 57. Rb7 1-0

[Event "New Delhi Parsvnath op 10th"]
[Site "New Delhi"]
[Date "2012.01.23"]
[Round "11"]
[White "Shreyans, K Shah"]
[Black "Harshal, Shahi"]
[Result "1-0"]
[WhiteElo "2218"]
[BlackElo "1888"]
[PlyCount "91"]
[EventDate "2012.01.15"]
[EventType "swiss"]
[EventRounds "11"]
[EventCountry "IND"]
[SourceTitle "CBM 146 Extra"]
[Source "ChessBase"]
[SourceDate "2012.02.29"]
[SourceVersion "1"]
[SourceVersionDate "2012.02.29"]
[SourceQuality "1"]

1. e3 d5 2. f4 Nf6 3. Nf3 g6 4. b3 Bg7 5. Bb2 Nbd7 6. d3 0-0 7. Qe2 c5 8. g3 Nb6 9. Nbd2 Re8 10. Bg2 Qc7 11. Be5 Qd8 12. 0-0 Bd7 13. c4 Bc6 14. Rac1 Nbd7 15. Bc3 e6 16. Rfd1 Qe7 17. Ba1 Rac8 18. d4 b6 19. Ne5 Ba8 20. Ndf3 Ne4 21. Nxd7 Qxd7 22. Ne5 Bxe5 23. dxe5 Qe7 24. Bxe4 dxe4 25. Rd6 f5 26. Rcd1 Bc6 27. Bc3 Qb7 28. g4 b5 29. Qg2 Kh8 30. Be1 Qe7 31. Qh3 Qf7 32. Bh4 h5 33. Bf6+ Kh7 34. gxf5 gxf5 35. Qf1 b4 36. R1d2 Rg8+ 37. Bg5 Rge8 38. Qd1 Kg6 39. Kh1 a5 40. Bf6 Kh6 41. Rxc6 Rxc6 42. Rd7 Qg8 43. Bg5+ Kg6 44. Qg1 h4 45. Bf6+ Kh6 46. Rg7 1-0

[Event "New Delhi Parsvnath op 10th"]
[Site "New Delhi"]
[Date "2012.01.22"]
[Round "10"]
[White "Karthikeyan, Pandian"]
[Black "Shreyans, K Shah"]
[Result "1-0"]
[WhiteElo "2402"]
[BlackElo "2218"]
[PlyCount "55"]
[EventDate "2012.01.15"]
[EventType "swiss"]
[EventRounds "11"]
[EventCountry "IND"]
[SourceTitle "CBM 146 Extra"]
[Source "ChessBase"]
[SourceDate "2012.02.29"]
[SourceVersion "1"]
[SourceVersionDate "2012.02.29"]
[SourceQuality "1"]

1. d4 e6 2. c4 f5 3. Nf3 Nf6 4. g3 d5 5. Bg2 c6 6. 0-0 Bd6 7. Bf4 Bxf4 8. gxf4 0-0 9. Nbd2 Bd7 10. Qc2 Be8 11. Ne5 Nbd7 12. cxd5 cxd5 13. Rac1 Ne4 14. Nb3 Nxe5 15. dxe5 Ba4 16. Rfe1 Qb6 17. e3 Bxb3 18. axb3 Rac8 19. Qxc8 Rxc8 20. Rxc8+ Kf7 21. Rec1 d4 22. Bxe4 fxe4 23. exd4 Qxd4 24. R8c7+ Kg6 25. R1c3 Kf5 26. Rxg7 Kxf4 27. Rxh7 Kxe5 28. Rh4 1-0

[Event "New Delhi Parsvnath op 10th"]
[Site "New Delhi"]
[Date "2012.01.20"]
[Round "8"]
[White "Shreyans, K Shah"]
[Black "Kravtsiv, Martyn"]
[Result "0-1"]
[WhiteElo "2218"]
[BlackElo "2602"]
[PlyCount "40"]
[EventDate "2012.01.15"]
[EventType "swiss"]
[EventRounds "11"]
[EventCountry "IND"]
[SourceTitle "CBM 146 Extra"]
[Source "ChessBase"]
[SourceDate "2012.02.29"]
[SourceVersion "1"]
[SourceVersionDate "2012.02.29"]
[SourceQuality "1"]

1. f4 e5 2. fxe5 d6 3. Nc3 dxe5 4. e4 Nc6 5. Bb5 Bc5 6. d3 Nge7 7. Nf3 0-0 8. Bg5 f6 9. Bc4+ Kh8 10. Bh4 Ng6 11. Bg3 Bg4 12. Qd2 f5 13. exf5 Rxf5 14. Be6 Rxf3 15. Bxg4 Be3 16. Qd1 Rf8 17. Bf3 Nd4 18. Be4 Qg5 19. Ne2 Nf5 20. Rf1 Nfh4 0-1